01379nam a2200421 i 450000100060000000300090000600500170001500800410003202000150007304000360008804100080012404600090013208000110014108000110015208000090016308000120017224501080018426000430029230000410033533600270037633700540040333800280045738000160048538000270050138500400052838800140056838800140058250400260059665000120062265000320063465000180066665500300068465800280071465000390074270000420078170000360082385600980085934251KOSZ 00520211203113632.0981010s1998 pl a f f |000 0 pol d a8301125179 cKOSZ 005aKOSZ 005dKOSZ 005/HR0 apol k1998 a621.01 a621.88 a62-8 a(075.8)00aWprowadzenie do projektowania /cpod red. Bogdana Branowskiego ; [aut. Andrzej Auguściński et al.]. aWarszawa :bWydaw. Naukowe PWN,c1998. a250, [1] s. :brys., wykr. ;c24 cm. 2rdacontentaTekstbtxt 2rdamediaaBez urządzenia pośredniczącegobn 2rdacarrieraWoluminbnc aKsiążki aPublikacje dydaktyczne mPoziom nauczaniaaSzkoły wyżzsze a1901-2000 a1989-2000 aBibliogr. przy rozdz. 7aNapęd 7aPołączenia konstrukcyjne 7aProjektowanie aPodręczniki akademickie aInżynieria i technika 7a Konstrukcja maszyn i urządzeń1 aBranowski, Bogdand(1942- )eRedakcja1 aAuguściński, AndrzejeAutor uhttp://koha.tu.koszalin.pl/cgi-bin/koha/opac-detail.pl?biblionumber=34251yKatalog online BPK